Normal view
MARC view
Entry Personal Name
001 - CONTROL NUMBER
- control field: 47437
003 - CONTROL NUMBER IDENTIFIER
- control field: OSt
005 - DATE AND TIME OF LATEST TRANSACTION
- control field: 20160319150325.0
008 - FIXED-LENGTH DATA ELEMENTS
- fixed length control field: 160319|| aca||aabn | a|a d
040 ## - CATALOGING SOURCE
- Original cataloging agency: OSt
- Transcribing agency: OSt
100 ## - HEADING--PERSONAL NAME
- Personal name: चांदीवाला ब्रजकृष्ण
670 ## - SOURCE DATA FOUND
- Source citation: Work cat.: (OSt)23157: चांदीवाला ब्रजकृष्ण , बापू के चरणों मे, 1949









